Faculty of Law Library — Cairo University

Official Online Catalog

Handbuch der diplomatischen Korrespondenz der europäischen Staaten = (Record no. 71609)

MARC details
000 -LEADER
fixed length control field 01440nam a2200349 i 4500
003 - CONTROL NUMBER IDENTIFIER
control field EG-GICUC
005 - DATE AND TIME OF LATEST TRANSACTION
control field 20260418101152.0
008 - FIXED-LENGTH DATA ELEMENTS--GENERAL INFORMATION
fixed length control field 260418s1932 gw ||fr|||| 000 0 fre d
040 ## - CATALOGING SOURCE
Original cataloging agency EG-GiCUC
Language of cataloging fre
Transcribing agency EG-GiCUC
Modifying agency EG-GiCUC
Description conventions Rda
041 #0 - LANGUAGE CODE
Language code of text/sound track or separate title fre
082 04 - DEWEY DECIMAL CLASSIFICATION NUMBER
Edition number 21
Classification number 341.33
Item number MA . H
092 04 - LOCALLY ASSIGNED DEWEY CALL NUMBER (OCLC)
Edition number 21
099 ## - LOCAL FREE-TEXT CALL NUMBER (OCLC)
Classification number Law1 11 341.33 MA . H 1932
100 1# - MAIN ENTRY--PERSONAL NAME
Personal name Makarov, A. N
Relator term Auteur
245 00 - TITLE STATEMENT
Title Handbuch der diplomatischen Korrespondenz der europäischen Staaten =
Remainder of title Répertoire de la Correspondance diplomatique des Etats Européens <br/>=<br/>Digest of the Diplomatic Correspondence of the European States.
Number of part/section of a work I,
Name of part/section of a work 1856-1871 /
Statement of responsibility, etc. A. N. Makarov, Ernst Schmitz.
246 1# - VARYING FORM OF TITLE
Title proper/short title Répertoire de la Correspondance diplomatique des Etats Européens
246 1# - VARYING FORM OF TITLE
Title proper/short title Digest of the Diplomatic Correspondence of the European States.
264 #1 - PRODUCTION, PUBLICATION, DISTRIBUTION, MANUFACTURE, AND COPYRIGHT NOTICE
Place of production, publication, distribution, manufacture Berlin :
Name of producer, publisher, distributor, manufacturer Carl Heymanns Verlag,
Date of production, publication, distribution, manufacture, or copyright notice 1932.
300 ## - PHYSICAL DESCRIPTION
Extent 980 page,
Dimensions 24 cm.
Other physical details illustration ;
336 ## - CONTENT TYPE
Source rda contenu
Content type term texte
337 ## - MEDIA TYPE
Source rda medias
Media type term Ordinateur
338 ## - CARRIER TYPE
Source transporteur rda
Carrier type term Ressource en ligne
490 ## - SERIES STATEMENT
Series statement Fontes Juris Gentium
Volume/sequential designation Series B-sectio I-tomus 1 Pars 1
504 ## - BIBLIOGRAPHY, ETC. NOTE
Bibliography, etc. note Comprend des références bibliographiques.<br/><br/>
546 ## - LANGUAGE NOTE
Language note Texte en français
650 14 - SUBJECT ADDED ENTRY--TOPICAL TERM
Source of heading or term Droit international public
651 1# - SUBJECT ADDED ENTRY--GEOGRAPHIC NAME
Source of heading or term qrmak
700 1# - ADDED ENTRY--PERSONAL NAME
Personal name Schmitz, Ernst
Relator term Co-Auteur
856 40 - ELECTRONIC LOCATION AND ACCESS
Uniform Resource Identifier <a href="https://fll.law.cu.edu.eg/fulltext/bks/B11-07165.pdf">https://fll.law.cu.edu.eg/fulltext/bks/B11-07165.pdf</a>
905 ## - Cataloger and Reviser Names
Cataloger Name: Basma Mohamed
942 ## - ADDED ENTRY ELEMENTS (KOHA)
Source of classification or shelving scheme Dewey Decimal Classification
Koha item type Books
Edition 21
Suppress in OPAC No
Holdings
Withdrawn status Lost status Source of classification or shelving scheme Damaged status Not for loan Collection Home library Current library Date acquired Total checkouts Full call number Barcode Date last seen Copy number Price effective from Koha item type
    Dewey Decimal Classification   Not for loan القانون الدولي العام جــــامعة القــاهرة مكتبة كلية الحقوق - المبنى الرئيسي 18.04.2026   Law1 11 341.33 MA . H 1932 1107165 V1, C1 B11-07165 18.04.2026 1 18.04.2026 Books

© All rights reserved — Faculty of Law, Cairo University